000 00602nam a22002057a 4500
999 _c7722
_d7722
003 Ost
005 20200410153716.0
008 200410b ||||| |||| 00| 0 eng d
020 _a1932884076
040 _cBt-PhCST
050 _aD4233
082 _222
_a624.1762
_bCHO
100 _aChopra, Anil K.
245 _aEarthquake dynamics of structures :
_ba primer /
250 _a2nd ed.
260 _aOakland, California :
_bEarthquake Engineering Research Institute (EERI),
_cc2005.
300 _axvi, 129 p. :
_bill. ;
_c23 cm.
500 _aIncludes bibliographical references.
942 _2ddc
_cCIVIL